000
00267nam a2200109Ia 4500
008
231212s1976 xx 000 0 und d
041
_a
eng
082
_a
621.381
100
_a
Frankland
245
_a
The Pipe Fifter's & Pipe Welders
260
_a
Landon
_b
New Hei
_c
1976
999
_c
957909
_d
957909